000 00452nam a2200181Ia 4500
001 22786
005 20260414150854.0
008 260414t2022||||xx |||||||||||||| ||spa||
041 _aESP
082 _a622.0985
_bS53
100 _aSifuentes Briceño, Mario,
_eAUT
245 0 _aPioneros de la minería moderna en el Perú
_b
260 _c2022
300 _a236 páginas :
_c26 cm.
650 _aTCA
654 _aCIA
942 _cLIB
_dJUS
_fJUS
_2ddc
_n
999 _c22786
_d22786